Toward better teaching; (Record no. 22138)

MARC details
000 -LEADER
fixed length control field 01051cam a22002771 4500
001 - CONTROL NUMBER
control field e 50000039
003 - CONTROL NUMBER IDENTIFIER
control field DLC
005 - DATE AND TIME OF LATEST TRANSACTION
control field 20260227111234.0
008 - FIXED-LENGTH DATA ELEMENTS--GENERAL INFORMATION
fixed length control field 880308s1950 kyu s000 0 eng
010 ## - LIBRARY OF CONGRESS CONTROL NUMBER
LC control number e 50000039
035 ## - SYSTEM CONTROL NUMBER
System control number (OCoLC)17597758
040 ## - CATALOGING SOURCE
Original cataloging agency DLC
Transcribing agency DNIE
Modifying agency AU
-- DLC
042 ## - AUTHENTICATION CODE
Authentication code premarc
043 ## - GEOGRAPHIC AREA CODE
Geographic area code n-us-ky
050 00 - LIBRARY OF CONGRESS CALL NUMBER
Classification number L152
Item number .B35 vol. 18, no. 5
100 1# - MAIN ENTRY--PERSONAL NAME
Personal name Burress, Nona.
245 10 - TITLE STATEMENT
Title Toward better teaching;
Remainder of title a report on how a district education association through a work group conference initiates an in-service program for the improvement of teaching
Statement of responsibility, etc. [prepared by Nona Burress and Louise Combs]
260 ## - PUBLICATION, DISTRIBUTION, ETC.
Place of publication, distribution, etc. Frankfort,
Name of publisher, distributor, etc. Dept. of Education,
Date of publication, distribution, etc. 1950.
300 ## - PHYSICAL DESCRIPTION
Extent [527]-595 p.
Dimensions 23 cm.
490 1# - SERIES STATEMENT
Series statement Kentucky. Dept. of Education. Educational bulletin,
Volume/sequential designation v. 18, no. 5
500 ## - GENERAL NOTE
General note Cover title.
650 #0 - SUBJECT ADDED ENTRY--TOPICAL TERM
Topical term or geographic name entry element Teachers
General subdivision Training of
Geographic subdivision Kentucky.
650 #0 - SUBJECT ADDED ENTRY--TOPICAL TERM
Topical term or geographic name entry element Education
Geographic subdivision Kentucky.
700 1# - ADDED ENTRY--PERSONAL NAME
Personal name Combs, Louise,
Relator term joint author.
810 10 - SERIES ADDED ENTRY--CORPORATE NAME
Corporate name or jurisdiction name as entry element Kentucky.
Subordinate unit Department of Education.
Title of a work Educational bulletin,
Volume/sequential designation v. 18, no. 5.

No items available.

Powered by Koha